[Event "MOR-chT2N 0203"]
[Site "Moravia"]
[Date "2003.01.26"]
[Round "7"]
[White "Gazda, Petr"]
[Black "Kalivoda, Jiri"]
[Result "1/2-1/2"]
[WhiteElo "2086"]
[BlackElo "2080"]
[PlyCount "131"]
[EventDate "2002.10.??"]
[EventType "team"]
[EventRounds "11"]
[EventCountry "CZE"]
[SourceTitle "EXT 2006"]
[Source "ChessBase"]
[SourceDate "2005.11.24"]
[SourceVersion "1"]
[SourceVersionDate "2005.11.24"]
[SourceQuality "1"]

1. e4 e6 2. d4 d5 3. exd5 exd5 4. Nf3 c5 5. Be3 c4 6. b3 b5 7. a4 Bd7 8. axb5 Bxb5 9. bxc4 dxc4 10. Ne5 Qc7 11. c3 Nd7 12. Nxf7 Kxf7 13. Qf3+ Ngf6 14. Qxa8 a6 15. Rxa6 Bxa6 16. Qxa6 Nb6 17. Nd2 Be7 18. Bxc4+ Nxc4 19. Qxc4+ Qxc4 20. Nxc4 Rc8 21. Ne5+ Ke6 22. Bd2 Bd6 23. Nf3 Ne4 24. Ke2 Nxc3+ 25. Kd3 Nd5 26. Re1+ Kf5 27. h3 h6 28. g4+ Kf6 29. Ne5 g5 30. Nc4 Bb4 31. Bxb4 Nxb4+ 32. Kc3 Nd5+ 33. Kb3 Rb8+ 34. Kc2 Rc8 35. Kb3 Rb8+ 36. Ka3 Ra8+ 37. Kb2 Nf4 38. Re3 Rd8 39. Nd2 Rxd4 40. Ne4+ Kg6 41. Kc3 Rd1 42. Kc2 Rh1 43. Ra3 Nxh3 44. Ra6+ Kg7 45. Ra7+ Kf8 46. Ra8+ Ke7 47. Ra6 Nf4 48. Ng3 Rh2 49. Kd2 Rxf2+ 50. Ke3 Rb2 51. Nf5+ Ke8 52. Nxh6 Re2+ 53. Kf3 Re5 54. Ra8+ Ke7 55. Nf5+ Kf6 56. Rf8+ Kg6 57. Rg8+ Kf6 58. Rf8+ Kg6 59. Rg8+ Kf6 60. Rf8+ Ke6 61. Re8+ Kd5 62. Ne3+ Kd4 63. Nc2+ Kd5 64. Ne3+ Kd4 65. Nc2+ Kd5 66. Ne3+ 1/2-1/2

[Event "MOR-chT2N 0203"]
[Site "Moravia"]
[Date "2002.10.13"]
[Round "1"]
[White "Kubos, Rostislav"]
[Black "Gazda, Petr"]
[Result "1-0"]
[WhiteElo "2179"]
[BlackElo "2086"]
[PlyCount "97"]
[EventDate "2002.10.??"]
[EventType "team"]
[EventRounds "11"]
[EventCountry "CZE"]
[SourceTitle "EXT 2006"]
[Source "ChessBase"]
[SourceDate "2005.11.24"]
[SourceVersion "1"]
[SourceVersionDate "2005.11.24"]
[SourceQuality "1"]

1. c4 e5 2. g3 d6 3. Bg2 f5 4. Nc3 Nf6 5. e3 Be7 6. d4 0-0 7. Nge2 c6 8. 0-0 Qc7 9. b3 Be6 10. Bb2 a5 11. Rc1 Na6 12. Qd2 Rfd8 13. Kh1 g6 14. d5 Bd7 15. Ba1 Nc5 16. Rcd1 Nh5 17. Nc1 Rf8 18. Nd3 Nxd3 19. Qxd3 c5 20. Qd2 Rae8 21. Ne2 Bg5 22. f4 Bf6 23. a4 e4 24. Nc3 Ng7 25. Rf2 b6 26. Rg1 Rf7 27. Bf1 Rfe7 28. Nb5 Bxb5 29. Bxf6 Bd7 30. Bxe7 Rxe7 31. h3 h5 32. Be2 Qc8 33. Rh2 Rf7 34. Qd1 Ne8 35. g4 hxg4 36. hxg4 Nf6 37. Rh6 Rg7 38. g5 Ng4 39. Bxg4 fxg4 40. Qc2 Bf5 41. Qh2 Kf7 42. Rh8 Qd7 43. Ra8 Rg8 44. Qh7+ Rg7 45. Qh8 Qe7 46. Kg2 Bd7 47. Rh1 Be8 48. Kg3 Qd7 49. Rh7 1-0

[Event "Tatry op"]
[Site "Tatranske Zruby"]
[Date "2002.09.29"]
[Round "2"]
[White "Wiley, Tom E"]
[Black "Gazda, Petr"]
[Result "1-0"]
[WhiteElo "2319"]
[BlackElo "2101"]
[PlyCount "85"]
[EventDate "2002.09.28"]
[EventType "swiss"]
[EventRounds "9"]
[EventCountry "SVK"]
[SourceTitle "EXT 2005"]
[Source "ChessBase"]
[SourceDate "2004.11.15"]
[SourceVersion "1"]
[SourceVersionDate "2004.11.15"]
[SourceQuality "1"]

1. d4 Nf6 2. c4 e6 3. Nc3 d5 4. cxd5 exd5 5. Bg5 Be7 6. e3 0-0 7. Qc2 c6 8. Bd3 h6 9. Bh4 Be6 10. h3 Ne8 11. Bg3 Bd6 12. Bxd6 Nxd6 13. Nf3 f5 14. Ne2 Ne4 15. h4 Nd7 16. Nf4 Qa5+ 17. Kf1 Rae8 18. h5 Rf6 19. a3 Bf7 20. g3 Qd8 21. Kg2 Qe7 22. Rae1 Rc8 23. Qb1 Re8 24. Nh4 Be6 25. Qc2 Nf8 26. b4 Rc8 27. Rc1 Bd7 28. b5 Be6 29. bxc6 Rxc6 30. Qa4 Rxc1 31. Rxc1 a6 32. Qa5 Qd6 33. Rb1 b5 34. a4 bxa4 35. Qxa4 Nc3 36. Qb4 Qxb4 37. Rxb4 Bc8 38. Rb8 Bd7 39. Nhg6 a5 40. Ne5 Bc6 41. Rc8 a4 42. Nxc6 Kf7 43. Ne5+ 1-0